[Event "Palic Karadzic Memorial op"]
[Site "Palic"]
[Date "2017.10.29"]
[Round "2"]
[White "Scallan, Nick"]
[Black "Burcu, Cagatay"]
[Result "0-1"]
[WhiteElo "1476"]
[BlackElo "2283"]
[PlyCount "66"]
[EventDate "2017.10.28"]
[EventType "swiss"]
[EventRounds "9"]
[EventCountry "SRB"]
[SourceTitle "CBM 181 Extra"]
[Source "ChessBase"]
[SourceDate "2017.12.12"]
[SourceVersion "1"]
[SourceVersionDate "2017.12.12"]
[SourceQuality "1"]

1. c4 g6 2. Nc3 Bg7 3. g3 c5 4. Bg2 Nc6 5. Nf3 e6 6. d3 Nge7 7. e4 0-0 8. 0-0 d5 9. cxd5 exd5 10. a3 h6 11. Rb1 Be6 12. Qc2 Rc8 13. Ne2 Qb6 14. Be3 Nd4 15. Qd2 Nb3 16. Qd1 dxe4 17. dxe4 Rfd8 18. Qc2 Nd4 19. Bxd4 cxd4 20. Qd2 d3 21. Nf4 Ba2 22. Rbc1 Qxb2 23. Rxc8 Nxc8 24. Rd1 Qxa3 25. Nxd3 b5 26. Nfe1 a5 27. Qc1 Qxc1 28. Rxc1 Bc4 29. Bf1 Nd6 30. f3 Bd4+ 31. Nf2 a4 32. Bxc4 Nxc4 33. Kf1 Bb2 0-1